Statistics for TV Show Theme Songs

Click here to take the quiz!

General Stats

  • This quiz has been taken 46 times
  • The average score is 14 of 26

Answer Stats

HintAnswer% Correct
Where Everybody Knows Your Name - Boston, MACheers
91%
I'll Be There For You - Manhattan, NYFriends
91%
Love And Marriage - Chicago, ILMarried With Children
86%
Tossed Salad And Scrambled Eggs - Seattle, WAFrasier
83%
Movin' On Up - Manhattan, NYThe Jeffersons
83%
Come And Knock On Our Door - Santa Monica, CAThree's Company
80%
Suicide Is Painless - KoreaM.A.S.H.
77%
Won't You Be My Neighbor? - (Children's Show)Mr. Rogers' Neighborhood
77%
Making Our Dreams Come True - Milwaukee, WILaverne & Shirley
74%
Welcome Back - Brooklyn, NYWelcome Back Kotter
71%
The Fishin' Hole - Mayberry, NCThe Andy Griffith Show
69%
Those Were The Days - Queens, NYAll In The Family
60%
Love Is All Around - Minneapolis, MNThe Mary Tyler Moore Show
57%
Think - (Game Show)Jeopardy
54%
With A Little Help From My Friends - un-named suburbiaThe Wonder Years
51%
Old Trail - Dodge City, KSGunsmoke
46%
Yakety Sax - (English comedy Show)The Benny Hill Show
40%
C'mon Get Happy - San Pueblo, CAThe Partridge Family
40%
Woke Up This Morning - New JerseyThe Sopranos
40%
I'm So Glad We Had This Time together - (Variety Show)The Carol Burnett Show
37%
William Tell Overture - TexasThe Lone Ranger
29%
Did I Make The Most Of Loving You? - (English Period Drama)Downton Abbey
26%
The Liberty Bell (March) - (English Comedy Show)Monty Python's Flying Circus
11%
The Toy Parade - MayfieldLeave It To Beaver
9%
The Streetbeater - Watts, Los Angeles, CASanford And Son
9%
Who Needs Wings To Fly? - San Juan, Puerto RicoThe Flying Nun
6%

Score Distribution

Percentile by Number Answered

Percent of People with Each Score

Your Score History

You have not taken this quiz